| 000 | 004770000a22001690004500 | ||
|---|---|---|---|
| 041 | 0 | _aSPA | |
| 082 | 0 | 4 | _aG 270 H595b |
| 100 | 1 | _aHeussi, Carlos | |
| 245 | 1 | 0 | _aBosquejo de historia de la iglesia cristiana / Carlos Heussi; Helena Goldschmidt, Traductor |
| 260 | _aBuenos Aires, Argentina : La Aurora | ||
| 300 | _a229 Pag | ||
| 001 | 8231 | ||
| 942 | _cBK | ||
| 999 |
_c38416 _d38416 |
||
| 336 |
_atexto _btxt _2rdacontent |
||
| 337 |
_2rdamedia _asin mediación _bn |
||
| 338 |
_2rdacarrier _avolumen _bnc |
||